| 000 | 01120nam0a22003011 4500 | ||
|---|---|---|---|
| 001 | v19\rc\1691068 | ||
| 005 | 20061002153656.7 | ||
| 035 | _a(NLR Aleph) 004794960 | ||
| 090 |
_a4768649 _c4768649 |
||
| 100 | _a20061002d1897 |||y0rusy50 ca | ||
| 101 | 0 | _arus | |
| 102 | _aRU | ||
| 105 | _aa z ||||| | ||
| 200 | 1 |
_aОтчет по изданию журнала "Чтение для солдат" 1847-1897 _eСост. по док., сохранившимся в ред. _f[А. Гейрот] |
|
| 210 |
_aСанкт-Петербург _cтип. Э. Гоппе _dценз. 1897 |
||
| 215 |
_a[4], 28 с. _cил., граф. _d29 |
||
| 300 | _aАвт. указан в конце текста | ||
| 532 | 1 | 3 | _aОтчет по изданию журнала Чтение для солдат 1847-1897 |
| 700 | 1 |
_aГейрот _bА. А. _gАлександр Александрович |
|
| 801 | 0 |
_aRU _bNLR _gpsbo |
|
| 801 | 0 |
_aRU _bRuMoRGB _2psbo |
|
| 801 | 1 |
_aRU _bProSoft-M _2rusmarc |
|
| 852 |
_aNLR _j38.27.2.56 |
||
| 899 |
_aRuMoRGB _jA 241/75 |
||
| 899 |
_aRuMoRGB _jМК |
||
| 899 | _aБАН | ||
| 942 | _cBOOK | ||
| 980 | _aNB | ||